| 000 | nam a22 7a 4500 | ||
|---|---|---|---|
| 999 |
_c8779 _d8779 |
||
| 005 | 20200221051710.0 | ||
| 008 | 200221b xxu||||| |||| 00| 0 eng d | ||
| 020 | _bpaperback | ||
| 040 |
_beng _cAPEC Schools Library _erda |
||
| 082 |
_aC 649.1 _bC466f 1997 |
||
| 100 | _aChapman, Gary | ||
| 245 |
_aThe 5 love laguages of children / _cGary Chapman |
||
| 264 |
_aMakati City : _bChurch Strengthening Ministy, _c©1997. |
||
| 300 |
_a221 pages : _billustrations ; |
||
| 336 |
_2rdacontent _atext |
||
| 337 |
_2rdamedia _aunmediated |
||
| 338 |
_2rdacarrier _avolume |
||
| 650 | _aParent and child. | ||
| 650 | _aInterpersonal communication in children. | ||
| 650 | _aChild psychology. | ||
| 942 |
_2ddc _cNFIC |
||